01220cam a22002534a 45000010009000000050017000090080041000260100017000670200015000840400018000990420008001170500016001250820012001411000020001532450088001732500012002612600047002733000049003205040065003695050453004346500027008877000026009147000026009401392254520210414113845.0050406s2005 maua b 001 0 eng  a 2005047638 a0205457959 aDLCcDLCdDLC apcc00aBF121.W656 00a1502221 aWood, Samuel E.10aMastering the world of psychology /cSamuel E. Wood, Ellen Green Wood, Denise Boyd. a2nd ed. aBoston :bPearson/Allyn and Bacon,cc2006. axxviii, 454, [149] p. :bcol. ill. ;c28 cm. aIncludes bibliographical references (p. R1-R47) and indexes. aContents: Introduction to psychology -- Biology and behavior -- Sensation and perception -- States of consciousness -- Learning -- Memory -- Cognition, language, and intelligence -- Human development -- Motivation, emotion and human sexuality -- Health and stress -- Personality theory and assessment -- Psychological disorders -- Therapies -- Social psychology -- Appendix: Statistical methods -- Answers to study guides AN-1 -- Practice tests P-1 0aPsychologyvTextbooks.1 aWood, Ellen R. Green.1 aBoyd, Denise Roberts.